福岡六大学出身の現役選手(2026) - Statistics

General Stats
  • This quiz has been taken 7 times
  • The average score is 9 of 13
Answer Stats
大学名 現所属 ポジション 選手名 % Correct
九州共立 広島 投手 大瀬良大地
100%
九州産業 広島 外野手 中村貴浩
86%
九州共立 広島 投手 島内颯太郎
86%
九州産業 DeNA 投手 岩田将貴
71%
九州産業 巨人 内野手 浦田俊輔
71%
九州産業 楽天 投手 渡辺翔太
71%
九州産業* 西武 内野手 児玉亮涼
71%
九州共立 ソフトバンク 投手 稲川竜汰
71%
九州共立* 楽天 内野手 平良竜哉
71%
日本経済* 西武 内野手 古賀輝希
57%
日本経済 西武 外野手 林冠臣
57%
日本経済* 楽天 捕手 島原大河
43%
日本経済* 西武 投手 平口寛人
43%
No matching quizzes found
Score Distribution
Percent of People with Each Score
Percentile by Number Answered
Your Score History
You have not taken this quiz